Spider-Man: Into The Spider-Verse Quiz - Statistics

General Stats
  • This quiz has been taken 510 times
  • The average score is 5 of 5
Answer Stats
Question Answer % Correct
Who is the Prowler? Miles' Uncle
97%
Who collaborated together to make the 'Sunflower' song for the film? Post Malone and Swae Lee
97%
Which of these Spider-People appears in the film? Spider-Ham
97%
Who is the main antagonist in the film? The Kingpin
94%
Did Spider-Man ever make a Christmas Song Yes, Obviously
84%
No matching quizzes found
Score Distribution
Percent of People with Each Score
Percentile by Number Answered
Your Score History
You have not taken this quiz